<The> Penguin Dictionary of Politics

Guardado en:
Detalles Bibliográficos
Autor principal: Robertson, David
Formato: Libro
Lenguaje:inglés
Publicado: London Penguin Books 1985
Edición:1. ed.
Etiquetas: Agregar Etiqueta
Sin Etiquetas, Sea el primero en etiquetar este registro!

MARC

LEADER 00000nam a2200000 4500
001 c024368
005 20221220082109.5
041 0 |a eng 
044 |a GB 
245 1 0 |a <The> Penguin Dictionary of Politics  |c David Robertson 
250 |a 1. ed. 
264 1 |a London  |b Penguin Books  |c 1985 
300 |a 341 s. 
100 1 |a Robertson, David